01044nam a2200241Ia 450000100060000000300090000600800410001504000130005604000130006904100130008210000260009510000290012124500950015024500950024525000110034026000110035126000230036226000490038530000550043450002430048965000390073265000310077179273IT-RoPAU130308s9999 xx 000 0 und d aIT-RoPAU cIT-RoPAU aSPAGNOLO aFontenla Santos Cesar gCodice Aut. SPICS: 6536 a"Medios de comunicacion: cine-historia del cine: los grandes ""generos"" cinematograficos" b"Medios de comunicacion: cine-historia del Cine: los Grandes ""Generos"" Cinematograficos" a1a ed. aMADRID bEdiciones Paulinas c1974 [1° Ed.:1974 - Ed.Ling.Originale:1974] a"32 p. (prefazione: no ; testo: 32 [pagine: 0-0])" aCorso per Corrispondenza Sui mezzi della Comunicazione Sociale Storia del Cinema Grandi Generi Cinematografici western Musical poliziesco terrore e fantasia Fantascienza Orrore Religioso Storico Avventura Guerra commedia comici del Sonoro aTEORIA DELLA COMUNICAZIONE SOCIALE eCodice materia Spics: 3802